000 01106nam a22002177a 4500
003 OSt
005 20160620110611.0
008 130611b2011 slv spa
040 _aBMC
_cBMC
082 _a378.19997284
082 _a421.375
110 0 _91075
_aUniversidad Católica de El Salvador
_bFacultad de Ciencias y Humanidades
245 1 0 _aPlan de estudios
_b: Licenciatura en Ciencias de la Educación con especialidad en Educación Inglés : enero de 2011
_cUniversidad Católica de El Salvador, Facultad de Ciencias y Humanidades
260 _aSanta Ana
_bUNICAES
_c2011
300 _a223 h.
_b28 cm
594 _1En la port.: Con sello de la Educación Nacional de Educación Superior referente a la aprobación del plan de estudio: acuerdo ejecutivo N° 15-1125, de fecha 31-08-2011, Diario Oficial Nº 245 de 31-10-2011, tomo 393
597 _1Ejemp. fotocopiado y enc. en pasta dura
650 2 4 _919943
_aLengua inglesa
_vProgramas de estudio
610 0 4 _91110
_aUniversidad Católica de El Salvador
_bFacultad de Ciencias y Humanidades
_vProgramas de estudio
942 _2ddc
_cBK
999 _c11119
_d11119